00685cam a2200193 a 45000010009000000050017000090080041000260200018000670410008000850800016000931000026001092450075001352640047002103000022002576530025002796530066003046530033003706530088004031535037020211020133731.0080701s2007 cau b 001 0 eng d a9788779897441 aeng a299.93 H-881 aHubbard, L. Ronq d 10aScience of survival :bprediction of human behavior /cL. Ron Hubbard. aLos Angeles :bBridge Publications,c2007. a 729 p. ;c25 cm. aScience of survival  aგადარჩენის მეცნიერება aprediction of human behavior aადამიანის ქცევის პროგნოზირება